00499nam a22001577a 450000500170000000800410001702000180005804100130007608200150008910000270010424500800013125000190021126000530023030000330028365000250031620231107123528.0231107b |||||||| |||| 00| 0 eng d a9781485137979 aEnglish  a347.1 DAM  aDamaseb, PT lEnglish  aThe Supreme Court of Namibia :b Law Procedure and Practice / cPT Damaseb  aFirst Edition  aCape Town : bJuta and Company (Pty) Ltd, c2021 bxxxii, 184 pages ; c25 cm.  aLegal practice bLaw